| 000 | 00788nam a2200253 i 4500 | ||
|---|---|---|---|
| 001 | bg | ||
| 245 | 0 | 0 |
_aLaboratorium z elektrotechniki / _coprac. zbiorowe pod red. Wiktora Pietrzyka ; poszczeg. ćw. oprac. Wiktor Pietrzyk al.] ; Politechnika Lubelska. |
| 260 |
_aLublin : _bWydaw. PL, _c2003. |
||
| 300 |
_a268 s. : _bil. ; _c24 cm. |
||
| 504 | _aBibliogr. przy rozdz. | ||
| 650 | 9 | _aElektrotechnika | |
| 650 | 9 | _aUkłady elektryczne | |
| 650 | 9 | _aPrzyrządy pomiarowe | |
| 655 | _aĆwiczenia i zadania dla szkół wyższych | ||
| 700 | 1 | _aPIETRZYK, Wiktor | |
| 710 | 0 | _aPolitechnika Lubelska | |
| 020 | _a8389246910 | ||
| 040 | _cBPK | ||
| 041 | 0 | _apol | |
| 080 | _a621.3(075.8) | ||
| 920 | _a83-89246-91-0 | ||
| 942 | _cKS | ||
| 008 | s pl f |000 0 pol | ||
| 999 |
_c43743 _d43743 |
||
| 856 |
_uhttp://koha.tu.koszalin.pl/cgi-bin/koha/opac-detail.pl?biblionumber=43743 _yKatalog online BPK |
||